| 000 | 00556nam a2200181 a 4500 | ||
|---|---|---|---|
| 005 | 20140412111349.0 | ||
| 008 | 010321s19uu xx 00 eng d | ||
| 020 | _a0-7214-0679-3 | ||
| 050 |
_aER _bMu97 1982 |
||
| 100 | _aSouthgate, Vera | ||
| 245 |
_aThe musicians of Bremen / _cretold for easy reading by Vera Southgate; illustrated by Margaret Gold. |
||
| 260 |
_aLeicestershire, England : _bLadybird Books Ltd, _c1982. |
||
| 300 | _a50 p. ; ill. | ||
| 440 | _aPuddle Lane | ||
| 650 | _aFolk Tales | ||
| 650 | _aChildren stories | ||
| 999 |
_c105285 _d105285 |
||